Selectivity in catalysis /
Salvato in:
| Enti autori: | , , |
|---|---|
| Altri autori: | , |
| Natura: | Atti del Convegno Libro |
| Lingua: | inglese |
| Pubblicazione: |
Washington, DC
American Chemical Society
1993.
|
| Serie: | ACS symposium series,
517 |
| Soggetti: | |
| Accesso online: | Visualizza in OPAC |
| Tags: |
Nessun Tag, puoi essere il primo ad aggiungerne!!
|
MARC
| LEADER | 00000pam a2200000 a 4500 | ||
|---|---|---|---|
| 005 | 20260127134240.0 | ||
| 008 | 050517s1993 dcua b 101 0 eng | ||
| 010 | |a 92-042872 | ||
| 020 | |a 0841225192 | ||
| 035 | |a vtls008154490 | ||
| 035 | |a 4870928 | ||
| 039 | 9 | |y 200505171301 |z mschk03 | |
| 040 | |a STUSCHK1 |b slo |c STUSCHK1 | ||
| 082 | 0 | 0 | |a 541.3/95 |2 20 |
| 245 | 0 | 0 | |a Selectivity in catalysis / |c Mark E. Davis, editor, Steven L. Suib, editor. |
| 260 | |a Washington, DC |b American Chemical Society |c 1993. | ||
| 300 | |a xi, 410 p. |b ill. |c 24 p. | ||
| 440 | 0 | |a ACS symposium series, |x 0097-6156 ; |v 517 | |
| 500 | |a "Developed from a symposium sponsored by the Catalysis and Surface Science Secretariat at the Fourth Chemical Congress of North America (202nd National Meeting of the American Chemical Society), New York, New York, August 25-30, 1991." | ||
| 504 | |a Includes bibliographical references and indexes. | ||
| 650 | 0 | |a Catalysis |x Congresses. | |
| 700 | 1 | |a Davis, Mark E. | |
| 700 | 1 | |a Suib, Steven L., |d 1953- | |
| 710 | 2 | |a American Chemical Society. |b Catalysis and Surface Science Secretariat. | |
| 710 | 2 | |a American Chemical Society. |b Meeting |n (202. : |d 1991 : |c New York, N.Y.) | |
| 711 | 2 | |a Chemical Congress of North America |n (4. : |d 1991 : |c New York, N.Y.) | |
| 906 | |a 7 |b cbc |c orignew |d 1 |e ocip |f 19 |g y-gencatlg | ||
| 910 | |a SCHK95 | ||
| 919 | |a 0-8412-2519-2 | ||
| 991 | |b c-GenColl |h QD505 |i .S46 1993 |p 00038793998 |t Copy 1 |v 517 |w BOOKS | ||
| 999 | |c 7823 |d 7823 | ||